| 000 | 00377nam a22001337a 4500 | ||
|---|---|---|---|
| 999 |
_c520871 _d520871 |
||
| 008 | 221026b ||||| |||| 00| 0 eng d | ||
| 100 |
_aPatel, N., Sethi, T. and Cariappa, A.G.A. _935534 |
||
| 245 | _aUnlocking rural industrial system | ||
| 260 | _aKurushetra | ||
| 300 | _a70(10), Aug, 2022: p.23-30 | ||
| 773 | _aKurushetra | ||
| 906 | _aRURAL INDUSTRIES | ||
| 942 | _cAR | ||